| 000 | 00716cam a22002292 4500 | ||
|---|---|---|---|
| 001 | 0000002504 | ||
| 005 | 20151021151058.0 | ||
| 008 | 070412s xx 000 0 eng d | ||
| 020 |
_a0256123837 (combined vols.) : _cKES 3,424 |
||
| 040 |
_aKABU _cKABU |
||
| 050 | 0 |
_aHF5635 _b.I655 1997 |
|
| 245 | 1 | 0 |
_aIntroduction to accounting : _ban intergrated approach / _cPenne Ainsworth ... [et al.] |
| 250 | _a1st ed. | ||
| 260 |
_aBoston, Massachusetts : _bMcGraw-Hill, _c1997. |
||
| 300 | _a879 p. | ||
| 505 | 8 | _aChapter 1-25. | |
| 650 | 0 |
_aAccounting. _@0000148321 |
|
| 700 | 1 |
_aAinsworth, Penne. _@0000151879 |
|
| 908 | _a070412 | ||
| 950 | _@1 | ||
| 999 |
_c439 _d439 |
||